000 00422nam a2200109Ia 4500
008 151015s9999 xx 000 0 und d
050 _aB4 2400 R4 1998
250 _a_Living Our Catholic Legacies: Vowed Life Feature Religious Mission Finding God Living Celibately Balkans Report / edited by David L. Fleming
300 _a[s.l] : Catholic Press 1998
650 _a_Religious Mission
700 _a^d20110308 11:22:14^okorir
999 _c1458
_d1458